书目信息 |
| 题名: |
全国一级建造师执业资格考试综合部分复习要点题库
|
|
| 作者: | 何伯森 主编 | |
| 分册: | ||
| 出版信息: | 天津 天津大学出版社 2004.08 |
|
| 页数: | 442页 | |
| 开本: | 26cm | |
| 丛书名: | ||
| 单 册: | ||
| 中图分类: | TU-44 | |
| 科图分类: | ||
| 主题词: | 建筑学 | |
| 电子资源: | ||
| ISBN: | 7-5618-1981-1 | |
| 000 | 00885nam0 2200229 450 | |
| 001 | 0861251296 | |
| 005 | 20080108170136.42 | |
| 010 | @a7-5618-1981-1@dCNY58.00 | |
| 100 | @a20080108d2004 km y0chiy0120 ea | |
| 101 | 0 | @achi |
| 102 | @aCN@b120000 | |
| 200 | 1 | @a全国一级建造师执业资格考试综合部分复习要点题库@Aquan guo yi ji jian zao shi zhi ye zi ge kao shi zong he bu fen fu xi yao dian ti ku@e建设工程经济 项目管理法规及相关知识@f何伯森主编@Fhe bo sen zhu bian |
| 210 | @a天津@c天津大学出版社@d2004.08 | |
| 215 | @a442页@d26cm | |
| 300 | @a全国一级建造师考试指导书 | |
| 517 | 1 | @a建设工程经济 项目管理法规及相关知识@Ajian she gong cheng jing ji xiang mu guan li fa gui ji xiang guan zhi shi |
| 606 | 0 | @a建筑学 |
| 690 | @aTU-44@v4 | |
| 701 | 0 | @a何伯森@Ahe bo sen@4主编 |
| 801 | 0 | @aCN@b大连网信软件有限公司图书馆@c20080108 |
| 905 | @aBZT@dTU-44@e1 | |
| 906 | @dCNY58.00@n0@r1 | |
| 全国一级建造师执业资格考试综合部分复习要点题库:建设工程经济 项目管理法规及相关知识/何伯森主编.-天津:天津大学出版社,2004.08 |
| 442页;26cm |
| 全国一级建造师考试指导书 |
| ISBN 7-5618-1981-1:CNY58.00 |
| ● |
| 相关链接 |
|
|
|
正题名:全国一级建造师执业资格考试综合部分复习要点题库
索取号:TU-44/1
 
预约/预借
| 序号 | 登录号 | 条形码 | 馆藏地/架位号 | 状态 | 备注 |
| 1 | 604210 | 2000604210 | 中心书库中库/ 中库023架B面4列7层2/ [索取号:TU-44/1] | 在馆 | |
| 2 | 604211 | 2000604211 | 中心书库中库/ 中库023架B面4列7层24/ [索取号:TU-44/1] | 在馆 | |
| 3 | 604212 | 2000604212 | 中心书库中库/ 中库023架B面4列7层1/ [索取号:TU-44/1] | 在馆 | |
| 4 | 604213 | 2000604213 | 中心书库中库/ 中库023架B面4列7层3/ [索取号:TU-44/1] | 在馆 | |
| 5 | 604214 | 2000604214 | 中心书库中库/ 中库023架B面4列7层6/ [索取号:TU-44/1] | 在馆 | |
| 6 | 604215 | 2000604215 | 中心书库中库/ 中库023架B面4列7层5/ [索取号:TU-44/1] | 在馆 | |
| 7 | 604216 | 2000604216 | 中心书库中库/ 中库023架B面4列7层8/ [索取号:TU-44/1] | 在馆 | |
| 8 | 604217 | 2000604217 | 中心书库中库/ 中库023架B面4列7层7/ [索取号:TU-44/1] | 在馆 | |
| 9 | 604218 | 2000604218 | 中心书库中库/ 中库023架B面4列7层9/ [索取号:TU-44/1] | 在馆 | |
| 10 | 604219 | 2000604219 | 中心书库中库/ 中库023架B面4列7层4/ [索取号:TU-44/1] | 在馆 |